Click Asian Islands on the Map - Hard - Statistics

General Stats
  • This quiz has been taken 88 times
  • The average score is 20 of 25
Answers on the Map
Answers color-coded by a green-red scale on the quiz's map according to % correct below.
 
Answer Stats
Answer % Correct
Bahrain
97%
Cyprus
97%
Sri Lanka
97%
Taiwan
97%
Singapore
93%
Honshu
91%
Sumatra
90%
Timor
90%
Hainan
88%
Hokkaido
88%
Java
88%
Sulawesi
88%
Hong Kong Island
86%
Borneo
84%
Kyushu
83%
Luzon
81%
Mindanao
81%
Sakhalin
78%
Shikoku
76%
Socotra
74%
Palawan
66%
Samar Island
66%
Seram
64%
Siberut Island
55%
Nias
38%
No matching quizzes found
Score Distribution
Percent of People with Each Score
Percentile by Number Answered
Your Score History
You have not taken this quiz